| 000 | 00558cam a2200193 4500 | ||
|---|---|---|---|
| 001 | D4879 | ||
| 008 | 090401t1967 xxu||||| |||| 00| 0 eng d | ||
| 035 | _a(Sirsi) u23149 | ||
| 041 | _aeng | ||
| 050 | _a336.2424 | ||
| 110 |
_aMinistry of Housing and Local Government _91285 |
||
| 245 | _aLand Commission Act 1967: a guide for estate agents and surveyors on betterment levy | ||
| 260 |
_aLondon _bHMSO _c1967 |
||
| 300 | _a16p. 18cm | ||
| 350 | _a0 | ||
| 710 |
_aUnited Kingdom _bCentral Office of Information _91074 |
||
| 942 | _n0 | ||
| 948 | _c04/03/1997 | ||
| 999 |
_c88329 _d88329 |
||